000 00321nam a2200157Ia 4500
100 _aRiordan/Rebecca M
650 _aAJAX
942 _cBK
366 _f20
245 _aHead first Ajax
260 _bShroff Publishers
_c2010
082 _a5.133
_bRIO
300 _a497
546 _aENGLISH
_cComputers
999 _c18148
_d18148